Catholic University of Zimbabwe Library
Online Public Access Catalogue
(OPAC)

Practical guide to reading thinking and writing skills (Record no. 15293)

MARC details
000 -LEADER
fixed length control field nam a22 7a 4500
005 - DATE AND TIME OF LATEST TRANSACTION
control field 20200713123524.0
008 - FIXED-LENGTH DATA ELEMENTS--GENERAL INFORMATION
fixed length control field 200713b xxu||||| |||| 00| 0 eng d
040 ## - CATALOGING SOURCE
Transcribing agency ASHY4N4W
050 ## - LIBRARY OF CONGRESS CALL NUMBER
Classification number P153.42.T
100 ## - MAIN ENTRY--PERSONAL NAME
Personal name Pieter Du Toit
245 ## - TITLE STATEMENT
Title Practical guide to reading thinking and writing skills
260 ## - PUBLICATION, DISTRIBUTION, ETC.
Place of publication, distribution, etc. London
Name of publisher, distributor, etc. Southern books
Date of publication, distribution, etc. 1995
300 ## - PHYSICAL DESCRIPTION
Extent 305,p.
942 ## - ADDED ENTRY ELEMENTS (KOHA)
Source of classification or shelving scheme
Koha item type OS Book
Classification part P153.42.T

No items available.

OPENING HOURS

Weekdays: 0815hrs - 1800hrs
Weekends:0900hrs - 1200hrs

Closed for Mass:

Mon, Thur: 1200hrs - 1300hrs
Sunday & Public Holiday’s

CALL SUPPORT

0242-570570, 0242-570169
09200664, +263 8644140602

LOCATION

18443, Cranborne Avenue, Hatfield, Harare

Other Links


©2021 | CUZ Library